000 00549nam a2200193Ia 4500
005 20260114185721.0
008 008 260114s9999 xx 000 0 eng d
020 _a9781472598875
037 _aEBOOK
040 _aCRL
_beng
_cCRL
041 _aeng
_2eng
084 _qCRL
100 _aR. H. C. Davis
_9873530
245 0 _aFrom Alfred the Great to Stephen
260 _bBloomsbury
_c1991
856 _uhttps://doi.org/10.5040/9781472598875?locatt=label:secondary_bloomsburyCollections
942 _cEBOOK
999 _c1472478
_d1472478